Loading...
| Current Events | 1 | 10.00 | 100% | 0% | 0% |
| Fine Arts - Classical Music | 6 | 16.67 | 100% | 33% | 33% |
| Fine Arts - Other | 6 | 11.67 | 83% | 17% | 17% |
| Fine Arts - Painting and Sculpture | 2 | 10.00 | 100% | 0% | 0% |
| Geography | 3 | 16.67 | 100% | 33% | 33% |
| History - American | 4 | 10.00 | 100% | 0% | 0% |
| History - European | 3 | 16.67 | 100% | 33% | 33% |
| History - Other | 4 | 12.50 | 100% | 25% | 0% |
| History - World | 5 | 12.00 | 80% | 40% | 0% |
| Literature - Drama | 3 | 10.00 | 100% | 0% | 0% |
| Literature - Long Fiction | 5 | 16.00 | 100% | 60% | 0% |
| Literature - Poetry | 3 | 16.67 | 100% | 33% | 33% |
| Literature - Short Fiction | 1 | 20.00 | 100% | 0% | 100% |
| Mythology | 4 | 12.50 | 100% | 25% | 0% |
| Other Academic | 4 | 20.00 | 100% | 75% | 25% |
| Philosophy | 6 | 11.67 | 100% | 17% | 0% |
| Science - Biology | 3 | 10.00 | 100% | 0% | 0% |
| Science - Chemistry | 5 | 8.00 | 80% | 0% | 0% |
| Science - Other | 1 | 10.00 | 100% | 0% | 0% |
| Science - Physics | 5 | 10.00 | 80% | 20% | 0% |
| Short Fiction and Other | 1 | 10.00 | 100% | 0% | 0% |
| Social Science | 5 | 16.00 | 100% | 40% | 20% |